[Event "GM/IM 2015 Chess House"]
[Site "?"]
[Date "2015.02.14"]
[Round "9.1"]
[White "Carlstedt, Jonathan"]
[Black "Donchenko, Alexander"]
[Result "1-0"]
[LiveChessVersion "1.4.2"]
[BlackElo "2552"]
[WhiteElo "2444"]

1. e4 {[%clk 1:30:20]} c6 {[%clk 1:30:49]} 2. d4 {[%clk 1:30:41]} d5
{[%clk 1:31:15]} 3. Nc3 {[%clk 1:31:05]} dxe4 {[%clk 1:31:36]} 4. Nxe4
{[%clk 1:31:28]} Nd7 {[%clk 1:32:00]} 5. Nf3 {[%clk 1:28:33]} Ngf6
{[%clk 1:32:22]} 6. Ng3 {[%clk 1:27:19]} e6 {[%clk 1:32:35]} 7. Bd3
{[%clk 1:25:53]} Be7 {[%clk 1:31:46]} 8. O-O {[%clk 1:23:42]} O-O
{[%clk 1:31:55]} 9. c4 {[%clk 1:19:40]} c5 {[%clk 1:27:48]} 10. b3
{[%clk 1:19:39]} b6 {[%clk 1:26:08]} 11. Bb2 {[%clk 1:19:04]} Bb7
{[%clk 1:26:04]} 12. Re1 {[%clk 1:16:52]} Re8 {[%clk 1:24:52]} 13. Bc2
{[%clk 1:11:47]} Qc7 {[%clk 1:23:22]} 14. Qe2 {[%clk 1:08:45]} cxd4
{[%clk 1:19:20]} 15. Nxd4 {[%clk 1:08:16]} Rad8 {[%clk 1:18:32]} 16. a3
{[%clk 1:04:27]} Nf8 {[%clk 1:13:10]} 17. Ne4 {[%clk 0:59:26]} Nxe4
{[%clk 1:11:06]} 18. Bxe4 {[%clk 0:59:48]} a6 {[%clk 1:10:29]} 19. Nf3
{[%clk 0:56:48]} Nd7 {[%clk 1:07:54]} 20. b4 {[%clk 0:47:15]} Bxe4
{[%clk 1:01:49]} 21. Qxe4 {[%clk 0:47:09]} a5 {[%clk 1:01:58]} 22. Rab1
{[%clk 0:43:17]} axb4 {[%clk 0:53:39]} 23. axb4 {[%clk 0:43:11]} Rc8
{[%clk 0:52:40]} 24. Rec1 {[%clk 0:43:13]} Red8 {[%clk 0:51:30]} 25. Bd4
{[%clk 0:37:57]} Qc6 {[%clk 0:47:31]} 26. Qe3 {[%clk 0:38:00]} h6
{[%clk 0:45:09]} 27. h3 {[%clk 0:34:28]} Rc7 {[%clk 0:42:48]} 28. Be5
{[%clk 0:28:22]} Nxe5 {[%clk 0:38:31]} 29. Nxe5 {[%clk 0:27:54]} Qd6
{[%clk 0:38:24]} 30. Qe2 {[%clk 0:21:56]} Qd2 {[%clk 0:28:04]} 31. Qf3
{[%clk 0:21:19]} Bf6 {[%clk 0:27:55]} 32. Ng4 {[%clk 0:19:04]} Bd4
{[%clk 0:23:33]} 33. Qg3 {[%clk 0:17:34]} Rcc8 {[%clk 0:21:47]} 34. Rd1
{[%clk 0:14:01]} Qg5 {[%clk 0:17:37]} 35. h4 {[%clk 0:13:41]} Qg6
{[%clk 0:17:56]} 36. Qf4 {[%clk 0:14:01]} h5 {[%clk 0:18:01]} 37. Ne3
{[%clk 0:11:41]} Qf6 {[%clk 0:13:50]} 38. Qxf6 {[%clk 0:10:39]} Bxf6
{[%clk 0:13:52]} 39. Rxd8+ {[%clk 0:10:51]} Rxd8 {[%clk 0:13:11]} 40. g3
{[%clk 0:06:49]} Rc8 {[%clk 0:09:49]} 41. Rc1 {[%clk 0:02:26]} Bb2
{[%clk 0:09:01]} 42. Rc2 {[%clk 0:01:08]} Ba3 {[%clk 0:08:42]} 43. c5
{[%clk 0:01:31]} bxc5 {[%clk 0:07:04]} 44. b5 {[%clk 0:01:35]} c4
{[%clk 0:25:57]} 45. Nxc4 {[%clk 0:32:02]} Bb4 {[%clk 0:25:58]} 46. b6
{[%clk 0:29:24]} Rc5 {[%clk 0:22:40]} 47. Ne3 {[%clk 0:23:44]} Rb5
{[%clk 0:21:42]} 48. Rc8+ {[%clk 0:22:27]} Kh7 {[%clk 0:22:03]} 49. Nc4
{[%clk 0:22:47]} Kg6 {[%clk 0:16:53]} 50. Kg2 {[%clk 0:22:42]} Kf6
{[%clk 0:14:56]} 51. Rc7 {[%clk 0:21:56]} e5 {[%clk 0:13:32]} 52. b7
{[%clk 0:22:01]} Ke6 {[%clk 0:10:44]} 53. Rc6+ {[%clk 0:22:00]} Kd7
{[%clk 0:10:25]} 54. Rb6 {[%clk 0:22:21]} 1-0

[Event "GM/IM 2015 Chess House"]
[Site "?"]
[Date "2015.02.14"]
[Round "9.2"]
[White "Trent, Lawrence"]
[Black "Svane, Rasmus"]
[Result "0-1"]
[LiveChessVersion "1.4.2"]
[BlackElo "2512"]
[WhiteElo "2470"]

1. e4 {[%clk 1:30:28]} c6 {[%clk 1:30:59]} 2. Nc3 {[%clk 1:30:43]} d5
{[%clk 1:31:24]} 3. Nf3 {[%clk 1:31:09]} Nf6 {[%clk 1:31:49]} 4. e5
{[%clk 1:31:35]} Ne4 {[%clk 1:32:14]} 5. Be2 {[%clk 1:32:02]} e6 {[%clk 1:31:23]}
6. O-O {[%clk 1:19:26]} c5 {[%clk 1:31:47]} 7. Nb1 {[%clk 1:00:26]} Ng5
{[%clk 1:23:58]} 8. Nxg5 {[%clk 0:48:46]} Qxg5 {[%clk 1:24:25]} 9. d4
{[%clk 0:49:05]} Qd8 {[%clk 1:23:30]} 10. dxc5 {[%clk 0:46:32]} Bxc5
{[%clk 1:22:35]} 11. Nd2 {[%clk 0:46:07]} Nc6 {[%clk 1:22:28]} 12. Nf3
{[%clk 0:44:56]} O-O {[%clk 1:19:02]} 13. a3 {[%clk 0:30:17]} Bd7
{[%clk 1:06:08]} 14. Bd3 {[%clk 0:28:17]} Be7 {[%clk 1:00:15]} 15. Qe2
{[%clk 0:19:34]} Rc8 {[%clk 0:58:23]} 16. b4 {[%clk 0:17:11]} a6 {[%clk 0:55:42]}
17. Bb2 {[%clk 0:12:56]} Na7 {[%clk 0:54:13]} 18. Qe3 {[%clk 0:10:48]} Nb5
{[%clk 0:46:43]} 19. a4 {[%clk 0:10:33]} Nc7 {[%clk 0:47:12]} 20. Bd4
{[%clk 0:06:31]} Qe8 {[%clk 0:45:03]} 21. Ng5 {[%clk 0:06:19]} g6
{[%clk 0:38:36]} 22. f4 {[%clk 0:04:47]} h6 {[%clk 0:32:09]} 23. Nh3
{[%clk 0:04:51]} h5 {[%clk 0:23:37]} 24. f5 {[%clk 0:02:00]} exf5
{[%clk 0:23:43]} 25. Qh6 {[%clk 0:02:00]} f6 {[%clk 0:15:09]} 26. Nf4
{[%clk 0:01:20]} fxe5 {[%clk 0:14:53]} 27. Nxg6 {[%clk 0:00:54]} Bf6
{[%clk 0:12:19]} 28. Nxf8 {[%clk 0:01:04]} Qxf8 {[%clk 0:12:48]} 29. Qxf8+
{[%clk 0:00:58]} Rxf8 {[%clk 0:13:17]} 30. Bb6 {[%clk 0:00:42]} e4
{[%clk 0:12:49]} 31. Rad1 {[%clk 0:00:33]} Na8 {[%clk 0:08:50]} 32. Bc5
{[%clk 0:01:02]} exd3 {[%clk 0:09:00]} 33. Bxf8 {[%clk 0:01:09]} Kxf8
{[%clk 0:08:09]} 34. Rxd3 {[%clk 0:01:34]} Nc7 {[%clk 0:06:53]} 35. Rh3
{[%clk 0:01:53]} h4 {[%clk 0:06:57]} 36. g4 {[%clk 0:00:49]} hxg3
{[%clk 0:06:39]} 37. Rxg3 {[%clk 0:00:58]} Kf7 {[%clk 0:06:04]} 38. Rh3
{[%clk 0:00:42]} Ne8 {[%clk 0:05:27]} 39. Kg2 {[%clk 0:00:43]} Bxa4
{[%clk 0:05:21]} 40. Rh7+ {[%clk 0:00:34]} Ng7 {[%clk 0:04:31]} 41. Rf2
{[%clk 0:26:30]} d4 {[%clk 0:34:23]} 42. Kf1 {[%clk 0:25:41]} Bc6
{[%clk 0:32:52]} 43. Ke2 {[%clk 0:21:53]} Be4 {[%clk 0:32:41]} 44. Kd1
{[%clk 0:22:18]} Bg5 {[%clk 0:29:33]} 45. h4 {[%clk 0:19:31]} Be3
{[%clk 0:29:54]} 46. Rf1 {[%clk 0:19:58]} Kg8 {[%clk 0:29:47]} 0-1

[Event "GM/IM 2015 Chess House"]
[Site "?"]
[Date "2015.02.14"]
[Round "9.3"]
[White "Kasparov, Sergey"]
[Black "Skytte, Rasmus"]
[Result "1-0"]
[LiveChessVersion "1.4.2"]
[BlackElo "2428"]
[WhiteElo "2477"]

1. e4 {[%clk 1:30:24]} g6 {[%clk 1:30:54]} 2. d4 {[%clk 1:30:49]} Bg7
{[%clk 1:31:15]} 3. Nc3 {[%clk 1:31:08]} d6 {[%clk 1:31:38]} 4. Nge2
{[%clk 1:31:09]} Nd7 {[%clk 1:31:51]} 5. g3 {[%clk 1:31:17]} Ngf6
{[%clk 1:31:43]} 6. Bg2 {[%clk 1:31:45]} c5 {[%clk 1:31:32]} 7. dxc5
{[%clk 1:31:38]} Nxc5 {[%clk 1:31:49]} 8. Be3 {[%clk 1:31:24]} O-O
{[%clk 1:31:07]} 9. h3 {[%clk 1:29:55]} Qa5 {[%clk 1:27:37]} 10. O-O
{[%clk 1:29:53]} Be6 {[%clk 1:23:41]} 11. Nd4 {[%clk 1:24:35]} Bc4
{[%clk 1:18:55]} 12. Re1 {[%clk 1:24:41]} Rfd8 {[%clk 1:13:16]} 13. Rb1
{[%clk 1:20:31]} Ne6 {[%clk 1:07:39]} 14. Nb3 {[%clk 1:18:34]} Qa6
{[%clk 0:59:55]} 15. Nd5 {[%clk 1:13:11]} Re8 {[%clk 0:58:19]} 16. Qd2
{[%clk 1:01:22]} Rac8 {[%clk 0:56:19]} 17. Na5 {[%clk 0:38:14]} Nd7
{[%clk 0:46:03]} 18. Nxc4 {[%clk 0:36:43]} Qxc4 {[%clk 0:46:09]} 19. c3
{[%clk 0:36:55]} Ndc5 {[%clk 0:41:32]} 20. Bf1 {[%clk 0:26:13]} Nxe4
{[%clk 0:35:00]} 21. Qd1 {[%clk 0:22:32]} Qxa2 {[%clk 0:29:44]} 22. Bb5
{[%clk 0:21:54]} Nf6 {[%clk 0:13:18]} 23. Nb4 {[%clk 0:20:58]} Qa5
{[%clk 0:13:18]} 24. Bxe8 {[%clk 0:21:25]} Rxe8 {[%clk 0:12:40]} 25. Ra1
{[%clk 0:21:53]} Qf5 {[%clk 0:12:26]} 26. g4 {[%clk 0:21:08]} Qb5
{[%clk 0:12:38]} 27. Rxa7 {[%clk 0:21:07]} h5 {[%clk 0:12:26]} 28. Qe2
{[%clk 0:16:46]} Qxe2 {[%clk 0:09:35]} 29. Rxe2 {[%clk 0:17:08]} hxg4
{[%clk 0:08:22]} 30. hxg4 {[%clk 0:16:37]} Nxg4 {[%clk 0:06:27]} 31. Rxb7
{[%clk 0:15:46]} f5 {[%clk 0:06:05]} 32. Nd5 {[%clk 0:14:47]} Kf7
{[%clk 0:06:05]} 33. Bd2 {[%clk 0:10:52]} Nf6 {[%clk 0:04:25]} 34. Rxe6
{[%clk 0:09:07]} Kxe6 {[%clk 0:02:52]} 35. Nc7+ {[%clk 0:09:16]} Kf7
{[%clk 0:03:01]} 36. Nxe8 {[%clk 0:09:42]} Kxe8 {[%clk 0:01:25]} 37. Bg5
{[%clk 0:08:52]} Nd7 {[%clk 0:01:12]} 38. Kf1 {[%clk 0:09:03]} Kd8
{[%clk 0:01:03]} 39. Ke2 {[%clk 0:08:07]} Kc8 {[%clk 0:00:45]} 40. Ra7
{[%clk 0:08:15]} e6 {[%clk 0:00:50]} 41. Ra8+ {[%clk 0:07:57]} Nb8
{[%clk 0:00:58]} 42. Be3 {[%clk 0:08:00]} 1-0

[Event "GM/IM 2015 Chess House"]
[Site "?"]
[Date "2015.02.14"]
[Round "9.4"]
[White "Teplyi, Igor"]
[Black "Kristiansen, Jens"]
[Result "1/2-1/2"]
[LiveChessVersion "1.4.2"]
[BlackElo "2411"]
[WhiteElo "2389"]

1. d4 {[%clk 1:30:42]} f5 {[%clk 1:30:41]} 2. Bg5 {[%clk 1:30:52]} g6
{[%clk 1:30:49]} 3. Nc3 {[%clk 1:31:13]} Bg7 {[%clk 1:31:12]} 4. e3
{[%clk 1:31:36]} d6 {[%clk 1:31:04]} 5. Bc4 {[%clk 1:28:24]} Nf6 {[%clk 1:28:34]}
6. h4 {[%clk 1:23:01]} h6 {[%clk 1:27:48]} 7. Bxf6 {[%clk 1:23:21]} Bxf6
{[%clk 1:28:12]} 8. Qf3 {[%clk 1:23:43]} e6 {[%clk 1:16:56]} 9. g4
{[%clk 1:10:57]} d5 {[%clk 1:08:19]} 10. Bd3 {[%clk 1:10:33]} Nc6
{[%clk 0:57:59]} 11. h5 {[%clk 0:49:36]} g5 {[%clk 0:57:41]} 12. gxf5
{[%clk 0:46:14]} O-O {[%clk 0:57:30]} 13. Qg2 {[%clk 0:38:44]} Nb4
{[%clk 0:53:33]} 14. f4 {[%clk 0:32:39]} exf5 {[%clk 0:43:31]} 15. Nf3
{[%clk 0:31:49]} Nxd3+ {[%clk 0:35:30]} 16. cxd3 {[%clk 0:32:11]} g4
{[%clk 0:35:54]} 17. Ne5 {[%clk 0:31:47]} c6 {[%clk 0:34:57]} 18. O-O-O
{[%clk 0:30:58]} Bxe5 {[%clk 0:34:02]} 19. fxe5 {[%clk 0:29:15]} Qg5
{[%clk 0:34:10]} 20. Qd2 {[%clk 0:24:34]} f4 {[%clk 0:33:18]} 21. exf4
{[%clk 0:24:57]} Qxf4 {[%clk 0:33:38]} 22. Qxf4 {[%clk 0:21:56]} Rxf4
{[%clk 0:34:00]} 23. Rdf1 {[%clk 0:22:17]} Rxd4 {[%clk 0:29:26]} 24. Kd2
{[%clk 0:15:44]} g3 {[%clk 0:25:50]} 25. Rhg1 {[%clk 0:15:43]} Rg4
{[%clk 0:23:31]} 26. Ne2 {[%clk 0:14:37]} Be6 {[%clk 0:20:44]} 27. Rf6
{[%clk 0:11:00]} Re8 {[%clk 0:20:50]} 28. Rxg3 {[%clk 0:05:48]} Rxg3
{[%clk 0:20:56]} 29. Nxg3 {[%clk 0:06:14]} d4 {[%clk 0:19:26]} 30. Rg6+
{[%clk 0:04:35]} Kf8 {[%clk 0:17:36]} 31. Rf6+ {[%clk 0:04:37]} Kg8
{[%clk 0:16:25]} 32. Rg6+ {[%clk 0:05:02]} Kf8 {[%clk 0:16:50]} 33. Rf6+
{[%clk 0:04:20]} Kg8 {[%clk 0:17:03]} 1/2-1/2

[Event "GM/IM 2015 Chess House"]
[Site "?"]
[Date "2015.02.14"]
[Round "9.5"]
[White "Hagen, Andreas"]
[Black "Grabarczyk, Miroslaw"]
[Result "0-1"]
[LiveChessVersion "1.4.2"]
[BlackElo "2430"]
[WhiteElo "2440"]

1. d4 {[%clk 1:30:57]} d5 {[%clk 1:30:39]} 2. c4 {[%clk 1:31:24]} e6
{[%clk 1:30:32]} 3. Nc3 {[%clk 1:31:50]} Nf6 {[%clk 1:30:03]} 4. Nf3
{[%clk 1:32:16]} Be7 {[%clk 1:29:02]} 5. Bg5 {[%clk 1:32:41]} h6 {[%clk 1:28:14]}
6. Bh4 {[%clk 1:33:06]} O-O {[%clk 1:28:23]} 7. e3 {[%clk 1:33:32]} Ne4
{[%clk 1:26:46]} 8. Bxe7 {[%clk 1:33:57]} Qxe7 {[%clk 1:27:07]} 9. Rc1
{[%clk 1:34:21]} c6 {[%clk 1:26:23]} 10. Be2 {[%clk 1:34:41]} Nd7
{[%clk 1:21:23]} 11. O-O {[%clk 1:35:01]} Nxc3 {[%clk 1:20:29]} 12. Rxc3
{[%clk 1:35:26]} dxc4 {[%clk 1:18:54]} 13. Bxc4 {[%clk 1:35:26]} e5
{[%clk 1:19:10]} 14. Bb3 {[%clk 1:35:33]} Rd8 {[%clk 1:16:36]} 15. Re1
{[%clk 1:35:55]} Qf6 {[%clk 1:02:48]} 16. Qc2 {[%clk 0:52:24]} Re8
{[%clk 0:58:14]} 17. d5 {[%clk 0:50:45]} cxd5 {[%clk 0:49:25]} 18. Bxd5
{[%clk 0:51:08]} Nb6 {[%clk 0:49:39]} 19. Bb3 {[%clk 0:46:01]} Be6
{[%clk 0:42:29]} 20. Qe4 {[%clk 0:40:24]} Bxb3 {[%clk 0:41:04]} 21. axb3
{[%clk 0:39:09]} Qe7 {[%clk 0:40:00]} 22. Rec1 {[%clk 0:36:58]} Rad8
{[%clk 0:40:03]} 23. h3 {[%clk 0:34:42]} Nd5 {[%clk 0:32:19]} 24. Rc5
{[%clk 0:28:25]} Qe6 {[%clk 0:31:56]} 25. Qa4 {[%clk 0:23:23]} a6
{[%clk 0:29:47]} 26. e4 {[%clk 0:19:37]} Nf4 {[%clk 0:28:32]} 27. Rxe5
{[%clk 0:19:35]} Ne2+ {[%clk 0:26:00]} 28. Kh2 {[%clk 0:18:37]} Qd6
{[%clk 0:24:21]} 29. Rd1 {[%clk 0:17:28]} Qb8 {[%clk 0:22:58]} 30. Rxd8
{[%clk 0:12:19]} Rxd8 {[%clk 0:23:22]} 31. g3 {[%clk 0:12:24]} Nd4
{[%clk 0:23:29]} 0-1

[Event "GM/IM 2015 Chess House"]
[Site "?"]
[Date "2015.02.14"]
[Round "9.6"]
[White "Fries Nielsen, Jens Ove"]
[Black "Percivaldi, Martin"]
[Result "1-0"]
[LiveChessVersion "1.4.2"]
[BlackElo "2337"]
[WhiteElo "2433"]

1. d4 {[%clk 1:30:59]} d5 {[%clk 1:30:45]} 2. Nc3 {[%clk 1:30:49]} Bf5
{[%clk 1:28:16]} 3. f3 {[%clk 1:30:53]} e6 {[%clk 1:26:25]} 4. e4
{[%clk 1:30:56]} Bg6 {[%clk 1:26:22]} 5. exd5 {[%clk 1:30:41]} exd5
{[%clk 1:26:43]} 6. Qe2+ {[%clk 1:30:59]} Be7 {[%clk 1:25:51]} 7. h4
{[%clk 1:30:21]} Nc6 {[%clk 1:21:15]} 8. Qf2 {[%clk 1:21:50]} Nb4
{[%clk 1:18:02]} 9. Bb5+ {[%clk 1:21:47]} c6 {[%clk 1:18:22]} 10. Ba4
{[%clk 1:22:15]} Bxc2 {[%clk 1:12:08]} 11. Bxc2 {[%clk 1:20:54]} Bxh4
{[%clk 1:12:31]} 12. g3 {[%clk 1:19:30]} Bxg3 {[%clk 1:12:46]} 13. Qxg3
{[%clk 1:19:48]} Nxc2+ {[%clk 1:13:08]} 14. Kd1 {[%clk 1:20:13]} Nxa1
{[%clk 1:11:37]} 15. Qxg7 {[%clk 1:19:51]} Qf6 {[%clk 1:11:41]} 16. Bh6
{[%clk 1:15:18]} Qg6 {[%clk 0:43:03]} 17. Qf8+ {[%clk 0:57:52]} Kd7
{[%clk 0:43:24]} 18. Qxa8 {[%clk 0:58:14]} Nxh6 {[%clk 0:43:42]} 19. Qxb7+
{[%clk 0:53:20]} Kd8 {[%clk 0:38:56]} 20. Qb8+ {[%clk 0:52:42]} Kd7
{[%clk 0:37:57]} 21. Qb7+ {[%clk 0:42:31]} Kd8 {[%clk 0:38:19]} 22. Qa8+
{[%clk 0:42:08]} Ke7 {[%clk 0:27:31]} 23. Qb7+ {[%clk 0:21:37]} Kf8
{[%clk 0:25:59]} 24. Qb8+ {[%clk 0:20:11]} Kg7 {[%clk 0:24:57]} 25. Qe5+
{[%clk 0:20:03]} f6 {[%clk 0:24:50]} 26. Qe7+ {[%clk 0:20:28]} Nf7
{[%clk 0:24:37]} 27. Nge2 {[%clk 0:18:58]} Re8 {[%clk 0:12:46]} 28. Qxe8
{[%clk 0:18:11]} Qd3+ {[%clk 0:13:07]} 29. Ke1 {[%clk 0:18:33]} Ng5
{[%clk 0:13:30]} 30. Qe7+ {[%clk 0:17:37]} Kg6 {[%clk 0:13:42]} 31. Nf4+
{[%clk 0:18:05]} 1-0

[Event "GM/IM 2015 Chess House"]
[Site "?"]
[Date "2015.02.14"]
[Round "9.7"]
[White "Bækgaard, Martin"]
[Black "Meskovs, Nikita"]
[Result "1-0"]
[LiveChessVersion "1.4.2"]
[BlackElo "2454"]
[WhiteElo "2314"]

1. Nf3 {[%clk 1:30:57]} Nf6 {[%clk 1:30:01]} 2. c4 {[%clk 1:31:25]} g6
{[%clk 1:30:22]} 3. Nc3 {[%clk 1:31:47]} d5 {[%clk 1:30:45]} 4. cxd5
{[%clk 1:32:13]} Nxd5 {[%clk 1:31:11]} 5. Qc2 {[%clk 1:32:37]} Nb6
{[%clk 1:28:42]} 6. d4 {[%clk 1:32:33]} Bg7 {[%clk 1:27:24]} 7. e4
{[%clk 1:32:13]} O-O {[%clk 1:26:57]} 8. Be3 {[%clk 1:28:25]} Bg4
{[%clk 1:22:48]} 9. Ne5 {[%clk 1:26:10]} Be6 {[%clk 1:23:12]} 10. f4
{[%clk 1:25:52]} N8d7 {[%clk 1:21:50]} 11. Rd1 {[%clk 1:07:28]} c6
{[%clk 1:11:42]} 12. Be2 {[%clk 1:03:36]} Nxe5 {[%clk 1:08:45]} 13. dxe5
{[%clk 1:04:00]} Qc8 {[%clk 1:09:02]} 14. O-O {[%clk 0:53:20]} Bg4
{[%clk 1:07:53]} 15. Bxg4 {[%clk 0:52:17]} Qxg4 {[%clk 1:08:21]} 16. Qb3
{[%clk 0:52:34]} Rfd8 {[%clk 1:01:02]} 17. h3 {[%clk 0:42:42]} Qe6
{[%clk 0:58:06]} 18. Qxe6 {[%clk 0:38:49]} fxe6 {[%clk 0:58:31]} 19. h4
{[%clk 0:33:58]} h6 {[%clk 0:57:16]} 20. Rxd8+ {[%clk 0:25:23]} Rxd8
{[%clk 0:57:44]} 21. Rd1 {[%clk 0:25:46]} Rxd1+ {[%clk 0:56:26]} 22. Nxd1
{[%clk 0:26:11]} Nd7 {[%clk 0:37:49]} 23. Bxa7 {[%clk 0:24:52]} g5
{[%clk 0:38:14]} 24. g3 {[%clk 0:23:55]} gxf4 {[%clk 0:38:42]} 25. gxf4
{[%clk 0:24:19]} h5 {[%clk 0:39:10]} 26. Kg2 {[%clk 0:23:49]} Bh6
{[%clk 0:37:29]} 27. Kf3 {[%clk 0:23:18]} b6 {[%clk 0:34:28]} 28. Ne3
{[%clk 0:07:53]} Kf7 {[%clk 0:31:47]} 29. Nc4 {[%clk 0:06:24]} b5
{[%clk 0:30:00]} 30. Na5 {[%clk 0:04:40]} c5 {[%clk 0:30:29]} 31. Nb3
{[%clk 0:03:36]} Nf8 {[%clk 0:30:58]} 32. Nxc5 {[%clk 0:03:03]} Ng6
{[%clk 0:31:26]} 33. Nd3 {[%clk 0:03:22]} Nxh4+ {[%clk 0:31:51]} 34. Kg3
{[%clk 0:03:48]} Ng6 {[%clk 0:32:13]} 35. b3 {[%clk 0:03:02]} Ke8
{[%clk 0:25:01]} 36. Be3 {[%clk 0:02:05]} b4 {[%clk 0:23:58]} 37. Bf2
{[%clk 0:01:21]} Kf7 {[%clk 0:20:12]} 38. Be1 {[%clk 0:01:17]} h4+
{[%clk 0:14:48]} 39. Kg4 {[%clk 0:01:17]} Bxf4 {[%clk 0:15:17]} 40. Nxf4
{[%clk 0:01:08]} Nxe5+ {[%clk 0:15:45]} 41. Kh3 {[%clk 0:01:22]} Nf3
{[%clk 0:16:03]} 42. Bxh4 {[%clk 0:30:57]} Nd2 {[%clk 0:46:24]} 43. e5
{[%clk 0:30:35]} 1-0

[Event "GM/IM 2015 Chess House"]
[Site "?"]
[Date "2015.02.14"]
[Round "9.8"]
[White "Petri, Tom"]
[Black "Olsarova, Karolina"]
[Result "1/2-1/2"]
[LiveChessVersion "1.4.2"]
[BlackElo "2255"]
[WhiteElo "2359"]

1. g3 {[%clk 1:30:54]} d5 {[%clk 1:30:47]} 2. Bg2 {[%clk 1:31:18]} Nf6
{[%clk 1:31:11]} 3. Nf3 {[%clk 1:30:37]} Bg4 {[%clk 1:31:32]} 4. O-O
{[%clk 1:30:28]} e6 {[%clk 1:31:55]} 5. d3 {[%clk 1:30:40]} Be7 {[%clk 1:32:15]}
6. c4 {[%clk 1:21:54]} c6 {[%clk 1:32:13]} 7. Ne5 {[%clk 1:20:30]} Bh5
{[%clk 1:31:19]} 8. Nd2 {[%clk 1:20:03]} O-O {[%clk 1:30:19]} 9. Ndf3
{[%clk 1:14:02]} Nbd7 {[%clk 1:26:55]} 10. b3 {[%clk 1:12:24]} Qa5
{[%clk 1:11:08]} 11. Bd2 {[%clk 1:10:38]} Bb4 {[%clk 1:10:11]} 12. Bxb4
{[%clk 1:10:00]} Qxb4 {[%clk 1:10:37]} 13. a3 {[%clk 1:07:52]} Qd6
{[%clk 1:07:54]} 14. Nxd7 {[%clk 1:07:40]} Nxd7 {[%clk 1:07:40]} 15. Qc2
{[%clk 1:01:58]} a5 {[%clk 1:02:35]} 16. Rfc1 {[%clk 0:56:45]} Qe7
{[%clk 0:56:00]} 17. Qc3 {[%clk 0:53:54]} f6 {[%clk 0:48:25]} 18. e3
{[%clk 0:44:29]} Rfd8 {[%clk 0:44:08]} 19. d4 {[%clk 0:35:45]} Bf7
{[%clk 0:36:37]} 20. cxd5 {[%clk 0:32:48]} exd5 {[%clk 0:36:27]} 21. Nh4
{[%clk 0:29:08]} Nb6 {[%clk 0:32:43]} 22. Qc5 {[%clk 0:25:57]} Qxc5
{[%clk 0:27:24]} 23. dxc5 {[%clk 0:21:20]} Nd7 {[%clk 0:25:59]} 24. Nf5
{[%clk 0:20:49]} Bg6 {[%clk 0:23:40]} 25. Ne7+ {[%clk 0:14:35]} Kf8
{[%clk 0:22:56]} 26. Nxg6+ {[%clk 0:14:20]} hxg6 {[%clk 0:23:23]} 27. Bf1
{[%clk 0:14:14]} Rdb8 {[%clk 0:20:26]} 28. Rc3 {[%clk 0:13:29]} Ke7
{[%clk 0:17:08]} 29. Rac1 {[%clk 0:12:53]} f5 {[%clk 0:16:17]} 30. Kg2
{[%clk 0:08:07]} Nf6 {[%clk 0:15:22]} 31. R3c2 {[%clk 0:07:04]} Ra7
{[%clk 0:11:29]} 32. h4 {[%clk 0:06:34]} Ng4 {[%clk 0:09:55]} 33. Be2
{[%clk 0:06:26]} Ne5 {[%clk 0:10:19]} 34. b4 {[%clk 0:06:04]} axb4
{[%clk 0:10:18]} 35. axb4 {[%clk 0:06:29]} Rba8 {[%clk 0:09:23]} 36. Rb2
{[%clk 0:05:25]} Ra2 {[%clk 0:07:34]} 37. Rcb1 {[%clk 0:05:38]} Nd7
{[%clk 0:07:33]} 38. Bf1 {[%clk 0:03:01]} R8a3 {[%clk 0:06:56]} 39. Rxa2
{[%clk 0:01:43]} Rxa2 {[%clk 0:07:22]} 40. Kg1 {[%clk 0:00:40]} Ra3
{[%clk 0:01:16]} 41. Rb2 {[%clk 0:29:50]} Ra1 {[%clk 0:31:41]} 42. Kg2
{[%clk 0:29:47]} Ra3 {[%clk 0:29:44]} 43. Be2 {[%clk 0:29:28]} Ne5
{[%clk 0:24:20]} 44. g4 {[%clk 0:21:43]} fxg4 {[%clk 0:21:15]} 45. Kg3
{[%clk 0:20:23]} Ra1 {[%clk 0:21:33]} 46. Kg2 {[%clk 0:20:13]} Kf6
{[%clk 0:21:01]} 47. Rd2 {[%clk 0:19:49]} g5 {[%clk 0:15:19]} 48. h5
{[%clk 0:17:21]} Kf5 {[%clk 0:15:41]} 49. Rd4 {[%clk 0:15:09]} Ra2
{[%clk 0:14:07]} 50. Bd1 {[%clk 0:14:57]} Rb2 {[%clk 0:10:36]} 51. Kg3
{[%clk 0:14:36]} Nc4 {[%clk 0:09:58]} 52. Rxg4 {[%clk 0:12:24]} Rxb4
{[%clk 0:10:00]} 53. Bc2+ {[%clk 0:11:35]} Kf6 {[%clk 0:10:17]} 54. f4
{[%clk 0:10:49]} gxf4+ {[%clk 0:10:17]} 55. Rxf4+ {[%clk 0:11:06]} Ke7
{[%clk 0:09:30]} 56. Bg6 {[%clk 0:09:02]} Ke6 {[%clk 0:08:17]} 57. Rf7
{[%clk 0:05:11]} Nxe3 {[%clk 0:08:14]} 58. Rxg7 {[%clk 0:05:25]} Nf5+
{[%clk 0:06:47]} 59. Bxf5+ {[%clk 0:05:49]} Kxf5 {[%clk 0:07:13]} 60. h6
{[%clk 0:06:09]} Rb1 {[%clk 0:05:35]} 61. Kg2 {[%clk 0:05:56]} Rb2+
{[%clk 0:05:20]} 62. Kg3 {[%clk 0:05:41]} Ke5 1/2-1/2